The problems of the arid zone ; proceedings.

Guardado en:
Autor Corporativo: Paris Symposium on the Problems of the Arid Zone
Formato: Libro
Idioma:English
Publicado: [Paris] : UNESCO, [1962]
Materias:
Etiquetas: Agregar Etiqueta
Sin Etiquetas, Sea el primero en etiquetar este registro!
LEADER 00644cam a2200193ua 4500
001 EEA.libagro010077
008 830202s1962####fr#ab#########100#0#eng##
005 20220425115645.0
245 1 4 |a The problems of the arid zone ;  |b proceedings. 
260 |a [Paris] :  |b UNESCO,  |c [1962] 
300 |a xii, 481 p. :  |b il., mapas, diagrs. ;  |c 27 cm. 
111 2 |a Paris Symposium on the Problems of the Arid Zone  |d (1960) 
810 2 |a Unesco.  |t Arid zone research,  |v 18. 
082 0 4 |a 333.73 
650 0 |a Zona árida  |2 agrovoc 
010 |a  62004920  
040 |a DLC  |c CarP  |d DLC 
050 0 0 |a GB611  |b .P3 1960 
859 |a AR-BbBCA  |b BIB. AGRONOMIA  |h 333.73  |i U56  |p 1965/0159